|
|
|
|
| LEADER |
00000naa2a2200000 4500 |
| 001 |
234117 |
| 005 |
20260121110900.0 |
| 035 |
|
|
|a (RuTPU)RU\TPU\book\255217
|
| 035 |
|
|
|a RU\TPU\book\255208
|
| 090 |
|
|
|a 234117
|
| 100 |
|
|
|a 20130318d2013 k y0rusy50 ca
|
| 101 |
0 |
|
|a rus
|
| 102 |
|
|
|a RU
|
| 135 |
|
|
|a drnn ---uucaa
|
| 181 |
|
0 |
|a i
|
| 182 |
|
0 |
|a b
|
| 200 |
1 |
|
|a К вопросу об этимологии английских пословиц
|f Г. Б. Ханахмедова, А. С. Миронова
|g науч. рук. М. В. Куимова
|
| 203 |
|
|
|a Текст
|c электронный
|
| 225 |
1 |
|
|a Теория и методика профессионального образования; традиции и инновации в преподавании иностранных языков
|
| 300 |
|
|
|a Заглавие с титульного экрана
|
| 320 |
|
|
|a [Библиогр.: с. 42-43 (5 назв.)]
|
| 337 |
|
|
|a Adobe Reader
|
| 461 |
|
1 |
|0 (RuTPU)RU\TPU\book\255079
|t Проблемы и перспективы современного образования в России и зарубежных странах
|o сборник трудов I Международной заочной научно-практической конференции, 12 декабря 2012 г., Томск
|f Национальный исследовательский Томский политехнический университет (ТПУ)
|d 2013
|
| 463 |
|
1 |
|0 (RuTPU)RU\TPU\book\255107
|t Ч. 2
|v [С. 40-43]
|d 2013
|
| 610 |
1 |
|
|a труды учёных ТПУ
|
| 610 |
1 |
|
|a электронный ресурс
|
| 610 |
1 |
|
|a этимология
|
| 610 |
1 |
|
|a английские пословицы
|
| 700 |
|
1 |
|a Ханахмедова
|b Г. Б.
|
| 701 |
|
1 |
|a Миронова
|b А. С.
|
| 702 |
|
1 |
|a Куимова
|b М. В.
|c кандидат педагогических наук
|c заведующий кафедрой европейских языков, доцент
|c кафедра английского языка и технической коммуникации
|g Марина Валерьевна
|4 727
|
| 801 |
|
2 |
|a RU
|b 63413507
|c 20131017
|g RCR
|
| 856 |
4 |
|
|u http://www.lib.tpu.ru/fulltext/c/2012/C16/V2/019.pdf
|
| 942 |
|
|
|c CF
|